000 00531nam a2200181Ia 4500
008 240729s9999 xx 000 0 und d
022 _a2008-6970
245 0 _aInternational Aquatic Research
260 _aIran, Islamic Republic of
260 _bIslamic Azad University​
650 _a Aquaculture. Fisheries. Angling | Science
650 _a Biology (General)
650 _a Ecology
650 _aAgriculture
856 _uhttps://doaj.org/toc/02817a1bae4945e181699ccf7b19b3ef
942 _2ddc
942 _cDOAJEJ
999 _c66761
_d66761
945 _a1
_bMadushi Gamage
_c1
_dMadushi Gamage